| 000 | 00365nam a22001457a 4500 | ||
|---|---|---|---|
| 003 | OSt | ||
| 005 | 20160727222448.0 | ||
| 008 | 160704b xxu||||| |||| 00| 0 eng d | ||
| 040 | _cTEST | ||
| 100 |
_91994 _a Davis, R.G., et al |
||
| 245 | _aDirect Communication | ||
| 260 |
_aBoston _b D.C.Heath & Com _c1943 |
||
| 300 | _aDirect Communication | ||
| 942 |
_2ddc _cBK |
||
| 999 |
_c1694 _d1694 |
||